Loading...
| Science - Chemistry | 0 | 4 | 0 | 0 | 40 | 61 | 99.25 | 1 | 3 | 6.55 | 20.91 |
| Fine Arts - Other | 0 | 1 | 0 | 0 | 10 | 135 | 135.00 | 0 | 0 | -0.07 | 3.64 |
| Literature - American | 0 | 1 | 0 | 0 | 10 | 117 | 117.00 | 0 | 1 | 1.27 | 7.27 |
| Literature - British | 0 | 1 | 0 | 0 | 10 | 94 | 94.00 | 0 | 0 | 2.81 | 2.73 |
| Mythology | 0 | 2 | 2 | 0 | 10 | 85 | 94.00 | 0 | 2 | 5.27 | 14.55 |
| Social Science | 0 | 1 | 0 | 0 | 10 | 125 | 125.00 | 0 | 0 | -0.07 | 5.45 |
| Science - Physics | 0 | 1 | 0 | 0 | 10 | 106 | 106.00 | 0 | 0 | 1.19 | 2.73 |
| Science - Biology | 0 | 1 | 1 | 0 | 5 | 106 | 106.00 | 0 | 1 | 1.13 | 5.45 |
| Literature - European | 0 | 1 | 1 | 0 | 5 | 127 | 127.00 | 0 | 0 | 1.13 | 3.64 |
| Fine Arts - Classical Music | 0 | 1 | 1 | 0 | 5 | 120 | 120.00 | 0 | 1 | 0.00 | 3.64 |
| Religion | 0 | 0 | 1 | 0 | -5 | 0.00 | 0 | 0 | 0.00 | 0.00 |